00265nam a2200121Ia 45000030006000000080041000060400015000471000012000622450012000742600028000865460012001140050017001260STCL150530s9999 xx 000 0 und d aSTCLcSTCL aBennett aLeonora bChatto and Windusc1931 aEnglish20220125171050.0